000 00545nam a22001817a 4500
003 BD-DhJNU
005 20250216072142.0
008 250216b |||||||| |||| 00| 0 eng d
040 _aBD-DhJNU
_bENG
_cBD-DhJNU
_dBD-DhJNU
082 _223
_a144.30973
100 _aJames, William
245 _aPragmatism :
_band four essays from the meaning of truth /
_cWilliam James
260 _aNew Delhi :
_bEurasia Publishing House (P) Ltd.,
_c1975.
300 _a269 p. :
_c22 cm.
504 _aincludes index
650 _aPhilosophy
942 _2ddc
_cBK
_n0
999 _c1338
_d1338